000 00297nam a2200121Ia 4500
008 231129s9999||||xx |||||||||||||| ||spa||
040 _bspa
082 _aCo861 A472r
100 _aAlvarado Tenorio Harold
245 0 _aRecuerda cuerpo
264 _aBogota Colombia : Unincca
942 _2ddc
_cBKS
999 _c23789
_d23789